Stolice świata z literą „P” - Statystyki

Ogólne statystyki
  • Ten quiz został rozwiązany 361 razy
    61 od ostatniego zresetowania
  • Średni wynik to 28 z 35
Statystyki odpowiedzi
Stolica % Poprawnych
Pekin
95%
Pjongjang
95%
Praga
93%
Pretoria / Kapsztad
93%
Paryż
90%
Kopenhaga
88%
Panama
88%
Podgorica
88%
Port-au-Prince
88%
Prisztina
88%
Budapeszt
85%
Trypolis
85%
La Paz
85%
Port Moresby
85%
Port-of-Spain
83%
Port Louis
80%
Skopje
80%
Thimphu
80%
Apia
78%
Belmopan
78%
Maputo
78%
Phnom Penh
78%
Porto-Novo
78%
Praia
78%
Singapur
78%
Naypyidaw
75%
Port Vila
75%
Tajpej
75%
Paramaribo
73%
Tegucigalpa
73%
Palikir
70%
Kampala
68%
Ciudad de la Paz
65%
Kuala Lumpur
63%
Sri
Dźajawardanapura
Kotte
55%
Nie znaleziono quizów pasujących do podanych kryteriów
Rozkład punktacji
Procent ludzi z każdym wynikiem
Percentyl według liczby udzielonych odpowiedzi
Twoja historia wyników
Nie rozwiązałeś tego quizu od ostatniego zresetowania